2025-2026 NHL Shutouts - Statistics

General Stats
  • This quiz has been taken 68 times
    5 since last reset
  • The average score is 74 of 115
Answer Stats
Team Player Date Opp % Correct
BUF Alex Lyon Oct 18/25 FLA
80%
BUF Alex Lyon Jan 24/26 NYI
80%
BUF Alex Lyon Mar 19/26 SJS
80%
LAK Anton Forsberg Nov 15/25 OTT
80%
LAK Anton Forsberg Feb 28/26 CGY
80%
LAK Anton Forsberg Apr 11/26 EDM
80%
CGY Dustin Wolf Nov 13/25 SJS
80%
CGY Dustin Wolf Dec 6/25 UTA
80%
MIN Filip Gustavsson Oct 9/25 STL
80%
MIN Filip Gustavsson Nov 21/25 PIT
80%
MIN Filip Gustavsson Dec 16/25 WSH
80%
MIN Filip Gustavsson Mar 10/26 UTA
80%
NYR Igor Shesterkin Oct 9/25 BUF
80%
NYI Ilya Sorokin Nov 8/25 NYR
80%
NYI Ilya Sorokin Nov 20/25 DET
80%
NYI Ilya Sorokin Dec 6/25 TBL
80%
NYI Ilya Sorokin Jan 6/26 NJD
80%
NYI Ilya Sorokin Jan 15/26 EDM
80%
NYI Ilya Sorokin Jan 26/26 PHI
80%
NYI Ilya Sorokin Mar 22/26 CBJ
80%
NJD Jacob Markstrom Apr 5/26 MTL
80%
DAL Jake Oettinger Oct 28/25 WSH
80%
DAL Jake Oettinger Dec 3/25 NJD
80%
DAL Jake Oettinger Apr 2/26 WPG
80%
DAL Jake Oettinger Apr 11/26 NYR
80%
BOS Jeremy Swayman Jan 13/26 DET
80%
BOS Jeremy Swayman Apr 14/26 NJD
80%
MIN Jesper Wallstedt Nov 9/25 CGY
80%
MIN Jesper Wallstedt Nov 15/25 ANA
80%
MIN Jesper Wallstedt Nov 23/25 WPG
80%
MIN Jesper Wallstedt Dec 2/25 EDM
80%
DET John Gibson Dec 8/25 VAN
80%
DET John Gibson Dec 13/25 CHI
80%
DET John Gibson Jan 10/26 MTL
80%
DET John Gibson Feb 2/26 COL
80%
DET John Gibson/Cam Talbot Mar 8/26 NJD
80%
TOR Joseph Woll Dec 30/25 NJD
80%
TOR Joseph Woll Jan 10/26 VAN
80%
OTT Linus Ullmark Dec 18/25 PIT
80%
OTT Linus Ullmark Mar 14/26 ANA
80%
OTT Linus Ullmark Apr 11/26 NYI
80%
WSH Logan Thompson Dec 7/25 CBJ
80%
WSH Logan Thompson Dec 18/25 TOR
80%
WSH Logan Thompson Apr 8/26 TOR
80%
WSH Logan Thompson Apr 12/26 PIT
80%
COL Scott Wedgewood Nov 23/25 CHI
80%
COL Scott Wedgewood Dec 23/25 UTA
80%
COL Scott Wedgewood Apr 4/26 DAL
80%
COL Scott Wedgewood Apr 16/26 SEA
80%
FLA Sergei Bobrovsky Oct 25/25 VGK
80%
FLA Sergei Bobrovsky Nov 20/25 NJD
80%
FLA Sergei Bobrovsky Dec 13/25 DAL
80%
FLA Sergei Bobrovsky Mar 19/26 EDM
80%
PIT Tristan Jarry Oct 18/25 SJS
80%
EDM Tristan Jarry Jan 17/26 VAN
80%
BUF Ukko-Pekka Luukkonen Mar 17/26 VGK
80%
VGK Adin Hill Mar 14/26 CHI
60%
TBL Andrei Vasilevskiy Nov 24/25 PHI
60%
TBL Andrei Vasilevskiy Jan 26/26 UTA
60%
PIT Arturs Silovs Oct 7/25 NYR
60%
PIT Arturs Silovs Mar 1/26 VGK
60%
CAR Brandon Bussi Nov 30/25 CGY
60%
CAR Brandon Bussi Feb 5/26 NYR
60%
DAL Casey DeSmith Nov 13/25 MTL
60%
PHI Dan Vladar Apr 20/26 PIT
60%
LAK Darcy Kuemper Nov 4/25 WPG
60%
LAK Darcy Kuemper Dec 6/25 CHI
60%
LAK Darcy Kuemper Mar 26/26 VAN
60%
TOR Dennis Hildeby Dec 8/25 TBL
60%
CBJ Elvis Merzlikins Feb 3/26 NJD
60%
CAR Frederik Andersen Apr 18/26 OTT
60%
MTL Jacob Fowler Dec 20/25 PIT
60%
NJD Jake Allen Nov 28/25 BUF
60%
CBJ Jet Greaves Jan 22/26 DAL
60%
CBJ Jet Greaves Feb 4/26 CHI
60%
STL Joel Hofer Nov 6/25 BUF
60%
STL Joel Hofer Nov 29/25 UTA
60%
STL Joel Hofer Dec 17/25 WPG
60%
STL Joel Hofer Jan 13/36 CAR
60%
STL Joel Hofer Mar 8/26 ANA
60%
STL Joel Hofer Mar 24/26 WSH
60%
SEA Joey Daccord Oct 23/25 WPG
60%
SEA Joey Daccord Nov 23/25 NYI
60%
NYR Jonathan Quick Oct 28/25 VAN
60%
NYR Jonathan Quick Mar 10/26 CGY
60%
STL Jordan Binnington Jan 3/26 MTL
60%
UTA Karel Vejmelka Dec 3/25 ANA
60%
UTA Karel Vejmelka Mar 19/26 VGK
60%
COL Mackenzie Blackwood Nov 22/25 NSH
60%
COL Mackenzie Blackwood Nov 26/25 SJS
60%
COL Mackenzie Blackwood Jan 31/26 DET
60%
CHI Spencer Knight Nov 7/25 CGY
60%
CHI Spencer Knight Dec 10/25 NYR
60%
CHI Spencer Knight Jan 19/26 WPG
60%
EDM Stuart Skinner Oct 14/25 NYR
60%
EDM Stuart Skinner Nov 29/25 SEA
60%
VGK Akira Schmid Nov 4/25 DET
40%
VGK Akira Schmid Dec 5/25 NJD
40%
WSH Charlie Lindgren Oct 12/25 NYR
40%
EDM Connor Ingram Jan 18/26 STL
40%
EDM Connor Ingram Mar 31/26 SEA
40%
NYI David Rittich Nov 23/25 SEA
40%
NYI David Rittich Dec 27/25 NYR
40%
BOS Joonas Korpisalo Jan 11/26 PIT
40%
CAR Pyotr Kochetkov Nov 4/25 NYR
40%
VAN Thatcher Demko Dec 16/25 NYR
40%
CHI Arvid Soderblom Mar 1/26 UTA
20%
OTT James Reimer Mar 9/26 VAN
20%
NSH Justus Annunen Apr 7/26 ANA
20%
PIT Sergei Murashov Nov 16/25 NSH
20%
UTA Vitek Vanecek Mar 5/26 PHI
20%
BUF Colten Ellis Apr 9/26 CBJ
0%
CHI Drew Commesso Jan 10/26 NSH
0%
VAN Nikita Tolopilo Jan 29/26 ANA
0%
COL Trent Miner Jan 10/26 CBJ
0%
No matching quizzes found
Score Distribution
Percent of People with Each Score
Percentile by Number Answered
Your Score History
You have not taken this quiz since the last reset